முன்பள்ளி இலகு பாலர் வழிகாட்டி /
Saved in:
| Main Author: | |
|---|---|
| Format: | Book |
| Language: | English Tamil |
| Published: |
கொழும்பு :
மாணவன் பதிப்பகம் ;
2022.
|
| Subjects: | |
| Tags: |
Add Tag
No Tags, Be the first to tag this record!
|
MARC
| LEADER | 00000nam a22000007a 4500 | ||
|---|---|---|---|
| 005 | 20260411102156.0 | ||
| 008 | 260411b |||||||| |||| 00| 0 eng d | ||
| 020 | |a 9789553990341 | ||
| 041 | |a tam | ||
| 082 | |a 372.2 |b அபூஅ | ||
| 100 | |a அபூ அம்மார் |9 117229 | ||
| 130 | |a 30th. |9 117230 | ||
| 245 | |a முன்பள்ளி இலகு பாலர் வழிகாட்டி / |c அபூ அம்மார் | ||
| 260 | |a கொழும்பு : |b மாணவன் பதிப்பகம் ; |c 2022. | ||
| 300 | |a ii + 50 பக். |c 29.5 Cm. | ||
| 650 | |a ஆரம்பக் கல்வியின் நிலைகள் (Levels of elementary education) |9 117231 | ||
| 942 | |c BK | ||
| 999 | |c 71273 |d 71273 | ||